• 首页
  • 本馆介绍
  • 公告通知
  • 最新文献
  • 馆藏检索
  • 电子资源
  • 读者导购
  • 参考咨询
  • 我的图书馆
  • 登录
  • 详细信息显示
  • 放入我的书架
  • 预约/预借图书
  • 作者相关作品
  • 分类相关作品
  • 丛书相关作品
  • 出版社相关作品

书目信息

  • 表格格式
  • 工作单格式
  • 卡片格式
题名:
孙过庭书法经典鉴赏
    
 
作者: 周世闻 编著
分册:  
出版信息: 成都   四川美术出版社  2015
页数: 282页
开本: 26cm
丛书名:
单 册:
中图分类: J292.112.4
科图分类:
主题词:
电子资源:
ISBN: 978-7-5410-6119-6
000 00811nam0 22002411 450
001 0122100831
005 20170322100831.0
010    @a978-7-5410-6119-6@dCNY53.00
100    @a20150709d2015 em y0chiy50 ea
101 0  @achi
102    @aCN@b510000
105    @ay z 000yy
106    @ar
200 1  @a孙过庭书法经典鉴赏@9sun guo ting shu fa jing dian jian shang@b专著@f周世闻编著
210    @a成都@c四川美术出版社@d2015
215    @a282页@d26cm
300    @a中国历代名家书法鉴赏
330    @a本书对孙过庭最经典最具影响力的法帖进行了鉴赏解读,既可欣赏法帖,又可借助专家点评加深理解法帖的妙处所在。
600  0 @a孙过庭@Asun guo ting@f(646-691)@x法书@x鉴赏
690    @aJ292.112.4@v5
701  0 @a周世闻@9zhou shi wen@4编著
801  0 @aCN@bTANGWEI@c20170308
905    @b0960066-9@dJ292.112.4@e565@f4
    
    孙过庭书法经典鉴赏/周世闻编著.-成都:四川美术出版社,2015
    282页;26cm
    中国历代名家书法鉴赏
    
    ISBN 978-7-5410-6119-6:CNY53.00
    本书对孙过庭最经典最具影响力的法帖进行了鉴赏解读,既可欣赏法帖,又可借助专家点评加深理解法帖的妙处所在。
●
相关链接 在E读中查询图书 在五车中查询图书 在当当中查询图书 在豆瓣中查询图书


正题名:孙过庭书法经典鉴赏     索取号:J292.112.4/565         预约/预借

序号 登录号 条形码 馆藏地/架位号 状态 备注
1 0960066   209600662   第一样本阅览室/ [索取号:J292.112.4/565] 在馆    
2 0960067   209600671   第一借阅区/ [索取号:J292.112.4/565] 在馆    
3 0960068   209600680   第一借阅区/ [索取号:J292.112.4/565] 在馆    
4 0960069   209600699   第一借阅区/ [索取号:J292.112.4/565] 在馆    
唐山师范学院图书馆 欢迎您!
大连网信软件有限公司© 版权所有